Ninjago Postacie Sezon 6: Podniebni Piraci - Statystyki

Ogólne statystyki
  • Ten quiz został rozwiązany 23 razy
  • Średni wynik to 108 z 166
Statystyki odpowiedzi
Odcinek Postać % Poprawnych
Cole
100%
Jay
100%
Kai
100%
Lloyd Garmadon
100%
Nya
100%
Wu
100%
Nadakhan
94%
Zane
94%
Dareth
89%
Misako
89%
Skylor
72%
Małpi Klucz
67%
Ronin
67%
Soto
67%
Doubloon
61%
Dogshank
56%
Echo Zane
56%
Małpi Klucz
56%
1."Niechęć" Clouse
50%
Delara
50%
Flintlocke
50%
10."Ostatnie życzenie" | 3."W niewoli" | 4."Powrót Twierdzy Nieszczęścia" | +4 others Clancee
44%
Komisarz Policji
44%
PIXAL
44%
Edna Walker
33%
Ed Walker
33%
Cyrus Borg
28%
Listonosz
28%
Bucko
22%
Mechanik
22%
Nelson
22%
Fritz Donnegan
17%
Kapitan
17%
Noble
17%
Ray
17%
Sqiffy
17%
Tommy
17%
Khanjikhan
11%
Kucharz
11%
Simon
11%
Tai-D
11%
Yang
11%
Gayle Plotkara
6%
Patrycja Klucz
6%
Dan Hageman
0%
Kevin Hageman
0%
Rufus McCallister
0%
Wyplash
0%
Nie znaleziono quizów pasujących do podanych kryteriów
Rozkład punktacji
Procent ludzi z każdym wynikiem
Percentyl według liczby udzielonych odpowiedzi
Twoja historia wyników
Nie rozwiązałeś tego quizu